000 00975nam a22003257a 4500
001 000023514
003 CHAP
005 20220329134558.0
008 971013s r 00010 d
010 _a22468
011 _a23440
035 _a27536
040 _cCHAP
090 _aFolleto 1593
100 0 0 _aAubert, Georges.
_98292
245 1 0 _aInforme preliminar sobre el valle del Grijalva y el valle del Pánuco.
260 _a(s.l. :
_bs.e.),
_c(s.a.).
500 _aMimeógrafo
590 _aBATCH-UPD
_b10
_c20130110
_lUCH01
_h2143
590 _aBATCH-UPD
_b10
_c20130410
_lUCH01
_h1452
590 _aBATCH-UPD
_b10
_c20130914
_lUCH01
_h0458
590 _aCONVERSION
_b10
_c20130109
_lUCH01
_h1313
590 _aE5995AHE
_b05
_c20141121
_lUCH01
_h1240
650 1 4 _aSuelos
_xValle del Grijalva.
_9110509
650 1 4 _aSuelos
_xValle del Pánuco.
_9110510
901 _aBK
942 _cFOLL
942 _n0
949 _aFolleto 1593
_bBC
_cFOLL
_d-63890
_eTS1
_i27536
_si
999 _c22468
_d22468